000 01037cam a2200301 4500
001 ABS64219
008 010806n2001 000 0 eng u
035 _a(Sirsi) u113953
100 _aLi, Z.
245 2 _aA procedure for quantitatively evaluating site layout alternatives
260 _c2001
490 _aConstruction Management and Economics
_v19(5) September 2001, 459-467(9)
520 _aDescribes a quantitative materials handling or material flow network model to be used to assess the efficiency of different layouts on any single construction site. Tables, diagrams, references.
590 _aABS
650 _aCONSTRUCTION SITES
650 _aMATERIALS MANAGEMENT
650 _aMATERIAL FLOW
650 _aMATERIAL FLOW TIME
650 _aMFT NETWORKS
650 _aQUANTITATIVE RESEARCH
650 _aSPACE PLANNING
650 _aSITE LAYOUT
650 _aSITE SPACE PLANNING EVALUATION
690 _aBUILDING AND CONSTRUCTION-MANAGEMENT
700 _aAnson, M.
700 _aLi, G.
942 _n0
999 _c67904
_d67904